00458 2200169 4500001002100000005001500021008004100036020002200077035001900099041000700118082001000125090001600135100002000151245005000171260003900221300002800260INLIS00000000003108620241224133121241224||||||||| | ||| |||| || |  a978-979-15038-7-7 0010-1224031086 aid0 a595.7 a595.7 ROS r0 aROSDIANA NATZIR00aRacun lebah madu, aspek biokimia & terapeutik aYogyakartabPUSTAKA AL-ZIKRAc2017 axxii, 92 halaman; 21 cm